| 000 | 00582nam a22001817a 4500 | ||
|---|---|---|---|
| 005 | 20130711161314.0 | ||
| 010 | _aENG-107948 | ||
| 020 |
_c1695.00 _a9789350353103 |
||
| 035 | _aEN-91481 | ||
| 037 | _bDBAD/PUB | ||
| 100 | _aBanerjee, S.C. | ||
| 245 | 0 | 0 |
_aLaw of specific relief : _cby S.C Banerjee _bTagore law lectures / |
| 260 |
_aDelhi _bUniversal Law Publishing Co. _c2013 |
||
| 270 |
_aC-FF-1A, Dilkhus Industrial Estate, (Near Azadpur Metro Station) G.T. Karnal Road, _bDelhi _e110033 |
||
| 300 |
_accxl,1262p. _c28cm(Hb) |
||
| 500 | _aIncludes index | ||
| 942 |
_2ddc _cEN _mBAN |
||
| 999 |
_c77396 _d77396 |
||